| 000 | 00508 a2200181 4500 | ||
|---|---|---|---|
| 005 | 20260420124551.0 | ||
| 008 | 260420b |||||||| |||| 00| 0 eng d | ||
| 020 | _a9781292353364 | ||
| 082 |
_a657.0285 _bACC |
||
| 100 | 1 | _aRomney, Marshall B. | |
| 245 | 1 | 0 | _aAccounting Information Systems |
| 250 | _a15th ed | ||
| 260 |
_aUpper Saddle River, N.J. _bPearson Prentice Hall, _c2021 |
||
| 300 | _a849 p. | ||
| 504 | _aIncludes bibliographical references and index. | ||
| 650 | 0 | _aAccounting | |
| 942 | _cBK | ||
| 999 |
_c47348 _d47348 |
||